000 00683nam a2200205 a 4500
005 20231021063621.0
008 030226s2001 mx r 000 0 spa d
020 _a8483164272
035 _aUPN01000122216
049 _aCG
050 4 _aLB1049
_bA5.6
100 1 _aAgüera Espejo-Saavedra, Isabel,
_d1938-
_928673
245 1 0 _aPrimeros pasos en el estudio :
_bbuenas ideas para enseñar a estudiar /
_cIsabel Agüera Espejo-Saavedra, Isabel Azañón Agüera.
260 _aMadrid :
_bCCS,
_c2001.
300 _a172 p. :
_bil.
440 0 _aMateriales para educadores ;
_v52
650 4 _aMétodos de estudio
_94280
700 1 _aAzañón Agüera, Isabel,
_ecoaut.
905 _aLibro
999 _c94413
_d94413